| 000 | 00977cam a2200289 a 4500 | ||
|---|---|---|---|
| 001 | 4508079 | ||
| 003 | ARRUPE | ||
| 005 | 20151204141244.0 | ||
| 008 | 980722s1999 nyu b 000 0 eng | ||
| 010 | _a 98038533 | ||
| 020 | _a0345422074 (pbk. : alk. paper) | ||
| 035 | _a(DLC) 98038533 | ||
| 040 |
_aDLC _cDLC _dDLC |
||
| 050 | 0 | 0 |
_aBL311 _b.B535 1999 |
| 082 | 0 | 0 |
_a291.1/3 _221 |
| 100 | 1 |
_aBierlein, J. F. _920892 |
|
| 245 | 1 | 0 |
_aLiving myths : _bhow myth gives meaning to human experience / _cJ.F. Bierlein. |
| 250 | _a1st ed. | ||
| 260 |
_aNew York : _bBallantine Pub. Group, _c1999. |
||
| 300 |
_ax, 237 p. ; _c21 cm. |
||
| 500 | _a"Ballantine Wellspring." | ||
| 504 | _aIncludes bibliographical references (p. [222]-226) and index. | ||
| 650 | 0 |
_aMythology. _915384 |
|
| 906 |
_a7 _bcbc _corignew _d1 _eocip _f19 _gy-gencatlg |
||
| 942 |
_2lcc _cMONOGRAPH |
||
| 999 |
_c123728 _d123728 |
||